000 00264nam a2200109Ia 4500
008 190914s9999||||xx |||||||||||||| ||und||
100 _aKennth C. Laudon
245 0 _aManagement Information Systems
260 _aIndia
_bOxford
_c2009
300 _a24
942 _cBK
999 _c10080
_d10080